El camino desde la estructura : ensayos filosóficos 1970-1993, con una entrevista autobiográfica /

El presente libro es el testimonio más amplio de que disponemos de la nueva dirección que estaba tomando Kuhn en los dos últimos decenios de su vida. La primera parte consta de ensayos autónomos en los que Kuhn enriquece los conceptos básicos que introdujo en La estructura de las revoluciones cientí...

Full description

Bibliographic Details
Main Author: Kuhn, Thomas S.
Other Authors: Haugeland, John (comp.), Conant, James (comp.)
Format: Libro
Language:Spanish
Published: Barcelona Paidós 2002
Series:Paidós básica
Subjects:

MARC

LEADER 00000cam a2200000 a 4500
001 000880
003 UAHC_CL
005 20170803115700.0
008 120523s2002 sp 000 spa
020 |z 8449311817 
040 |a UAHC_CL  |c UAHC_CL  |d UAHC_CL 
082 0 4 |a 121  |b K96  |2 20 
100 1 |a Kuhn, Thomas S. 
245 1 3 |a El camino desde la estructura :  |b ensayos filosóficos 1970-1993, con una entrevista autobiográfica /  |c Thomas S. Kuhn ; compilado por James Conat y John Haugeland. 
260 |b Paidós  |a Barcelona  |c 2002 
300 |a 384 p. 
490 0 |a Paidós básica 
520 |a El presente libro es el testimonio más amplio de que disponemos de la nueva dirección que estaba tomando Kuhn en los dos últimos decenios de su vida. La primera parte consta de ensayos autónomos en los que Kuhn enriquece los conceptos básicos que introdujo en La estructura de las revoluciones científicas. En la segunda parte, Kuhn responde ampliamente a las críticas a su primer trabajo. La tercera parte del volumen es la transcripción de una entevista autobiográfica con Kuhn. 
650 4 |a FILOSOFIA 
653 |a ESTUDIOS GENERALES 
700 1 |a Haugeland, John  |e comp. 
700 1 |a Conant, James  |e comp. 
900 |a 121 KUH 
942 |c BK 
952 |0 0  |1 0  |4 0  |6 121_000000000000000_KUH  |7 0  |8 General  |9 1826  |a BC  |b BC  |c General  |d 2017-08-03  |l 0  |o 121 KUH  |p 1400701  |r 2026-01-07 00:00:00  |t 1  |w 2017-08-03  |y BK 
999 |c 880  |d 880